Per Beckett /

সংরক্ষণ করুন:
গ্রন্থ-পঞ্জীর বিবরন
অন্যান্য লেখক: Molinari, Renata M., Quadri, Franco
বিন্যাস: গ্রন্থ
ভাষা:ইতালিয়
প্রকাশিত: Milano : Ubulibri, 1987
মালা:Magazzini ; 9
বিষয়গুলি:
ট্যাগগুলো: ট্যাগ যুক্ত করুন
কোনো ট্যাগ নেই, প্রথমজন হিসাবে ট্যাগ করুন!

MARC

LEADER 00000nam a22000007i 4500
001 IT\ICCU\LO1\0009248
003 ItRI
005 20260115231929.0
008 871016s1987 it |||||| ||||| |||||c
020 |a 8877480610 
040 |b ita  |c importazione bologna sebina 
041 7 |a ita  |2 ISO-639-2 
245 0 0 |a Per Beckett /  |c a cura di Franco Quadri ; con la collaborazione di Renata Molinari. 
260 |a Milano :  |b Ubulibri,  |c 1987 
300 |a 114 p. :  |b ill. ;  |c 22 cm 
500 |a Collaboratore  |0 IT\ICCU\SCMV\026788 
500 |a Curatore  |0 IT\ICCU\CFIV\039002 
650 7 |a Beckett, Samuel 
700 1 |a Molinari, Renata M.  |0 IT\ICCU\SCMV\026788 
700 1 |a Quadri, Franco  |0 IT\ICCU\CFIV\039002 
830 0 |a Magazzini ;  |v 9  |0 IT\ICCU\LO1\0009251 
942 |2 ddc  |c BK  |n 0 
952 |0 0  |1 0  |4 0  |6 DOC_792_090000000000000_MAG  |7 0  |9 16905  |a BO  |b BO  |d 2026-01-15  |i 5854  |l 0  |o DOC 792.090 MAG  |p BO5854  |r 2026-01-15 23:19:29  |w 2026-01-15  |x [Sebina 7] [1 v.]  |y BK  |z 1 v. 
999 |c 14441  |d 14441